| 000 | 00786nam a2200205 a 4500 | ||
|---|---|---|---|
| 005 | 20240910063853.0 | ||
| 008 | 061128s19742000mx r 000 0 spa d | ||
| 020 | _a9686006427 | ||
| 035 | _aUPN01000148360 | ||
| 049 | _aCG | ||
| 050 | 4 |
_aLB3031 _bP6.7 |
|
| 100 | 1 | _aPozo Sánchez, Hugo del | |
| 245 | 1 | 0 |
_aRecreación escolar : _bteoría del juego, competencias atléticas, sugestiones dietéticas, juegos recreativos, juegos de alberca, juegos de lucha, juegos chuscos, juegos de cabullería, juegos populares, primeros auxilios / _cHugo del Pozo Sánchez. |
| 260 |
_aMéxico : _bAvante, _c1974 (2000 impr.). |
||
| 300 |
_a279 p. : _bil. |
||
| 650 | 2 |
_aJuegos escolares _97004 |
|
| 650 | 4 |
_aJuegos _95342 |
|
| 650 | 4 |
_aEscuelas _xEjercicios y recreaciones _911124 |
|
| 905 | _aLibro | ||
| 999 |
_c120502 _d120502 |
||